| 000 | 00737nam a2200193 a 4500 | ||
|---|---|---|---|
| 008 | 061201s2006 ||||||||||||||||| || u | ||
| 050 | _aIBRD(08)PRWP/4024 | ||
| 100 | _a[and others] | ||
| 245 | 1 | 0 | _aEducation and HIV/AIDS prevention |
| 246 | _aevidence from a randomised evaluation in Western Kenya | ||
| 260 |
_aWashington, D. C. _bWorld Bank _c2006 |
||
| 300 | _a33p.ill. | ||
| 350 | _a0.00 | ||
| 490 | _aWorld Bank policy research working papers | ||
| 650 | 0 | _aECONOMICS | |
| 650 | _aHIV/AIDS PREVENTION--RESEARCH--KENYA | ||
| 700 | _aDuflo, Ester | ||
| 995 |
_D0.00 _FCBU-MAIN LIBRARY (Kitwe) _H1 _I0.00 _M1 _UAVAILABLE _WDec 1, 2006 _ZInternational Publications |
||
| 999 |
_c41120 _d41120 |
||